Dolnozemský osvietenec Matej Markovič

Bibliographic Details
Main Author: Kmeť, Miroslav, 1964- (Author)
Format: Article
Language:Slovak
PhysicalDescription:Obr. 1
Subjects:

MARC

LEADER 00000nab a2200000 a 4500
001 vtls000474199
003 SK-MaSNL
005 20260303134444.0
008 230217c1992 xo 0 slo
015 |a SNBRB19rr/mm-uuuuu 
035 |a CL0474333 
035 |a urn:nbn:sk:snk-ab1k65 
035 |a (urnnbn)urn:nbn:sk:snk:ar-004b3s 
035 |a (uuid)c2cf0872-42e3-410b-b5a9-77fc20414764 
040 |a SNKBUCL  |b slo  |c SNKBUCL  |e AACR2 
041 0 |a slo 
044 |a xo  |c SK 
080 |a 101.9  |2 1981 
080 |a 262.12  |2 1981 
080 |a 929 Markovič, Matej  |2 1981 
100 1 |a Kmeť, Miroslav,  |d 1964-  |4 aut 
245 1 0 |a Dolnozemský osvietenec Matej Markovič  |c Miroslav Kmeť 
300 |b Obr. 1 
600 1 7 |a Markovič, Matej,  |d 1752-1793  |2 snkbucl  |9 1154727 
655 7 |a články z novín a časopisov  |2 snkbucl  |9 267496 
773 0 |t Historická revue  |g Roč. 3, č. 8 (1992), s. 23-24 
850 |a Slovenská národná knižnica v Martine  |a MTA001 
852 |a SNK  |b KIS3GCP 
954 |a odborná, vedecká literatúra pôvodná (slovenská)  |2 lita 
958 |a BX 
958 |a OND 
958 |a EUIPO 
958 |a article27 
992 |a RBX 
999 |c 1960749  |d 1962679